| 000 | 00519nam a2200145Ia 4500 | ||
|---|---|---|---|
| 999 |
_c15870 _d15870 |
||
| 082 | _aRR 016.30485 UNI-; | ||
| 245 | 0 | _aInternal migration in Asia and the Pacific | |
| 260 |
_aBangkok _bEconomic and Social Commission for Asia _c1984 |
||
| 300 | _a199p. | ||
| 440 | _aESCAP population bibliographic series; 4 | ||
| 504 | _aIncludes subject index | ||
| 650 | _aMigration, Internal - Bibliography - Asia-Pacific Regions | ||
| 710 | _aUnited Nations. Economic and Social Commission for Asia and the Pacific | ||
| 942 | _cBK | ||